Markov Chain Monte Carlo and the Metropolis Algorithm
Una introduccin̤ a la intuicin̤ e implementacin̤ del algoritmo Metropolis.
Wedi'i Gadw mewn:
| Awduron Eraill: | , , |
|---|---|
| Fformat: | Llyfr |
| Iaith: | Saesneg |
| Pynciau: | |
| Mynediad Ar-lein: | Markov Chain Monte Carlo and the Metropolis Algorithm |
| Tagiau: |
Ychwanegu Tag
Dim Tagiau, Byddwch y cyntaf i dagio'r cofnod hwn!
|
MARC
| LEADER | 00000nam a22000004a 4500 | ||
|---|---|---|---|
| 001 | vpro7968 | ||
| 005 | 20201223000000.0 | ||
| 008 | 140617s2014 ck # g## #001 0#eng#d | ||
| 020 | |||
| 022 | |||
| 040 | |a CO-BoINGC | ||
| 041 | 0 | |a eng | |
| 245 | 1 | 0 | |a Markov Chain Monte Carlo and the Metropolis Algorithm |
| 246 | |a Monte Carlo-cadena de Markov y algoritmo de Metropolis | ||
| 264 | |a Bogot ̀(Colombia) : |b Revista VirtualPRO, |c 2014 | ||
| 520 | 3 | |a Una introduccin̤ a la intuicin̤ e implementacin̤ del algoritmo Metropolis. | |
| 650 | \ | \ | |a Investigacin̤ operacional |
| 650 | \ | \ | |a Administracin̤ |
| 650 | \ | \ | |a Aplicaciones (Matemt̀icas) |
| 650 | \ | \ | |a Operations research |
| 650 | \ | \ | |a Management |
| 650 | \ | \ | |a Mappings (Mathematics) |
| 650 | \ | \ | |a ciencias de la administracin̤ |
| 650 | \ | \ | |a investigacin̤ de operaciones |
| 650 | \ | \ | |a anl̀isis de Markov |
| 650 | \ | \ | |a cadenas de Markov |
| 650 | \ | \ | |a management sciences |
| 650 | \ | \ | |a operations research |
| 650 | \ | \ | |a Markov analysis |
| 650 | \ | \ | |a Markov chains |
| 700 | \ | \ | |a Picton Jeff |
| 700 | \ | \ | |a Press Bill |
| 700 | \ | \ | |a Canal Jeff Picton/youtube |
| 856 | |z Markov Chain Monte Carlo and the Metropolis Algorithm |u https://virtualpro.unach.elogim.com/biblioteca/monte-carlo-cadena-de-markov-y-algoritmo-de-metropolis | ||